Окислительная димеризация метана на марганецсодержащих катализаторах в периодическом режиме; Нефтехимия; Т. 44, № 4

Bibliografiske detaljer
Parent link:Нефтехимия: научный журнал/ Российская академия наук (РАН).— , 1963-.— 0028-2421
Т. 44, № 4.— 2004.— С. 289-292
Andre forfattere: Безруков Е. В., Бобкова Е. С., Курина Л. Н., Белоусова В. Н.
Sprog:russisk
Udgivet: 2004
Fag:
Format: MixedMaterials Book Chapter
KOHA link:https://koha.lib.tpu.ru/cgi-bin/koha/opac-detail.pl?biblionumber=397483

MARC

LEADER 00000naa2a2200000 4500
001 397483
005 20231101064906.0
035 |a (RuTPU)RU\TPU\prd\36487 
090 |a 397483 
100 |a 20050609a2004 k y0rusy50 ca 
101 0 |a rus 
102 |a RU 
200 1 |a Окислительная димеризация метана на марганецсодержащих катализаторах в периодическом режиме  |f Е. В. Безруков, Е. С. Бобкова, Л. Н. Курина, В. Н. Белоусова 
320 |a Библиогр.: 12 назв. 
461 0 |0 (RuTPU)RU\TPU\prd\1600  |x 0028-2421  |t Нефтехимия  |o научный журнал  |f Российская академия наук (РАН)  |d 1963- 
463 0 |0 (RuTPU)RU\TPU\prd\29187  |t Т. 44, № 4  |v С. 289-292  |d 2004 
610 1 |a силикат натрия 
610 1 |a промотирующее действие 
610 1 |a изучение 
610 1 |a оксид марганца 
610 1 |a окислительная димеризация 
610 1 |a метан 
610 1 |a катализаторы 
610 1 |a периодические режимы 
701 1 |a Безруков  |b Е. В. 
701 1 |a Бобкова  |b Е. С. 
701 1 |a Курина  |b Л. Н. 
701 1 |a Белоусова  |b В. Н. 
801 1 |a RU  |b 63413507  |c 20050609  |g PSBO 
801 2 |a RU  |b 63413507  |c 20131017  |g PSBO 
942 |c BK